Statistiche per Città e Regioni - Quiz n°3

Clicka qui per fare il quiz!

Statistiche generali

  • Questo quiz è stato fatto 46 volte
  • Il punteggio medio è 8 su 10

Statistiche sulle risposte

HintRisposta% Corretto
ErcolanoCampania
97%
Civitanova MarcheMarche
94%
CesenaEmilia-Romagna
91%
NuoroSardegna
89%
Sesto San GiovanniLombardia
83%
SeregnoLombardia
74%
MonrealeSicilia
71%
AlassioLiguria
66%
Città della PieveUmbria
63%
ArdeaLazio
54%

Distribuzione punteggi

Percentile per numero di risposta

Percentuale di utenti per punteggio

I tuoi punteggi nel tempo

Non hai fatto questo quiz